You Get Me So High - The Neighbourhood - Statistics

General Stats
  • This quiz has been taken 78 times
  • The average score is 229 of 276
Answer Stats
% Correct
you
100%
a
98%
be
98%
I
98%
me
98%
me?
98%
to
98%
To
98%
all
96%
CHORUS High
96%
high
96%
it
96%
It
96%
so
96%
when
96%
your
96%
the
94%
We
94%
we
94%
come
91%
for
91%
get
91%
my
91%
time
91%
You're
91%
And
89%
OUTRO | PRE-CHORUS If
89%
if
89%
love
89%
wanna
89%
best
87%
with
87%
can
85%
friend,
85%
would
85%
Would
85%
let
81%
never
81%
Never
81%
could
79%
forever
79%
had
79%
I'll
79%
just
79%
know
79%
but
77%
But
77%
us,
77%
us
77%
ever
74%
didn't
72%
it's
72%
though
72%
though,
72%
don't
70%
greatest
70%
matter
70%
doesn't
68%
emotions
68%
hurt
68%
I'm
68%
in
68%
meant
68%
Then
68%
together
68%
VERSE 2 Wish
68%
wish
68%
behind
66%
famous
66%
told
66%
VERSE 1 Hope
64%
long
64%
on
64%
regret
64%
call
62%
keep
62%
leave
62%
should
62%
than
62%
thought
62%
took
62%
was
62%
we're
62%
about
60%
forget
60%
manage,
60%
more
60%
okay
60%
stick
60%
they
60%
can't
57%
got
57%
I'd
57%
knew
57%
mix
57%
reach
57%
agree
55%
at
55%
back
55%
lonely
55%
meet
55%
of
55%
or
55%
really
55%
between
53%
disagree,
53%
granted
53%
hear
53%
motives
53%
pushed
53%
rich
53%
doubt
51%
goals
51%
said
51%
credit
49%
lot
49%
wouldn't
49%
yeah
45%
Nobody
43%
planned
43%
reaching
43%
Neither
40%
seemed
40%
No matching quizzes found
Score Distribution
Percent of People with Each Score
Percentile by Number Answered
Your Score History
You have not taken this quiz